00557nam a2200157 a 450000100100000000500170001000800410002702000180006804000250008608200150011110000310012624501460015726000390030330000270034270000300036900004748920201002060552.0180606s2018 dr a 000 spa d a9789945131963 aDO-SdBNPbspacBNPHU axxxbG112b aGabarró Berbegal, Daniel 0aBuena ortografía sin esfuerzo con PNL :. :bpropuesta metodológica para docentes /cDaniel Gabarró Berbegal ; Conxita Puigarnau Gracia. aSanto Domingo :bMediabyte,c2018. a86 p. :bil. ;c22 cm. aPuigarnau Gracia, Conxita